=LDR 00000nam 2200000 4500 =001 INLIS000000000003698 =005 20130612092012 =008 ***********************************Ind** =035 ##$$0010-061300000003698 =041 ##$$a Ind =082 ##$$a 512.1 =090 ##$$a 512.1, Dew p =100 ##$$a Dewanto, Stanley P =245 ##$$a Pandaibermatematika (untuk SLTA), Stanley P. Dewanto, Gouw Key Hong =260 ##$$a 1991 $b Jakarta =300 ##$$a ... Jil., ilus, 21 cm =650 ##$$a Aljabar =700 ##$$a Hong, Gouw Key =850 ##$$a NBPNMAT